[Event "Bayern Regionalliga Northwest"]
[Site "Germany"]
[Round "1"]
[White "Kolin Julius (CZE)"]
[Black "Solomunovic Igor (GER)"]
[Result "0-1"]
[WhiteElo "2165"]
[BlackElo "2340"]

1.c4 g6 2.Nc3 Bg7 3.g3 e5 4.Bg2 Nc6 5.d3 d6 6.Nd5 Nce7 7.e4 c6 8.Nc3 Nf6 9.Nf3
O-O 10.O-O Nd7 11.d4 exd4 12.Nxd4 Nb6 13.b3 d5 14.exd5 cxd5 15.c5 Nd7 16.Ba3
Nc6 17.Nde2 Qa5 18.Qc1 Nxc5 19.b4 Nxb4 20.Bxb4 Qxb4 21.Rb1 Qg4 22.h3 Qd7
23.Nxd5 Qd6 24.Qa3 Bf5 25.Rbc1 b6 26.Nxb6 axb6 27.Bxa8 Qd2 28.Qf3 Bd3 29.Rfe1
Bxe2 30.Qxe2 Qxe2 31.Rxe2 Rxa8 32.Rb1 Na4 33.Rd2 Bc3 34.Rd7 Nc5 35.Rd6 Rxa2
36.Rdxb6 Bd4 37.Rb8+ Kg7 38.Rd8 Bxf2+ 39.Kg2 Ne4 40.Kf3 Nd2+ {#R} 0-1

[Event "Ch Germany (team) (w)"]
[Site "Germany"]
[Round "0"]
[White "Espig Gesine (GER)"]
[Black "David Gundula (GER)"]
[Result "1-0"]
[WhiteElo "2009"]
[BlackElo "2080"]

1.c4 e5 2.Nc3 Nc6 3.g3 d6 4.Bg2 g6 5.d3 Bg7 6.e3 f5 7.Nge2 Nf6 8.O-O Be6 9.b3
Qc8 10.d4 Bd7 11.f4 e4 12.a3 h6 13.Bb2 g5 14.d5 Ne7 15.fxg5 hxg5 16.Nxe4 Nxe4
17.Bxg7 Rh7 18.Bb2 Ng8 19.Qd4 Nef6 20.Nc3 Ng4 21.h3 Ne5 22.Rf2 Qd8 23.Raf1 g4
24.h4 Ng6 25.e4 Nxh4 26.exf5 Nxf5 27.Qxg4 Ngh6 28.Qg6+ Rf7 29.Ne4 Qe7 30.Ng5
O-O-O 31.Nxf7 Rg8 32.Qh5 Nxg3 33.Qxh6 Nxf1 34.Kxf1 Re8 35.Qd2 {#r} 1-0

[Event "Oberliga NRW 1997/98"]
[Site "Germany"]
[Round "9"]
[White "Miezis Normunds (LAT)"]
[Black "Kraemer Matthias (GER)"]
[Result "1-0"]
[WhiteElo "2515"]
[BlackElo "2258"]

1.c4 g6 2.Nc3 Bg7 3.g3 e5 4.Bg2 d6 5.d3 Nc6 6.e4 Nh6 7.h3 O-O 8.Be3 f5 9.Qd2
Nf7 10.Nge2 Nd4 11.f4 c6 12.O-O Be6 13.Kh2 Qd7 14.Rae1 Rad8 15.b3 Rfe8 16.Bg1
Nxe2 17.Rxe2 Qc7 18.exf5 gxf5 19.d4 e4 20.d5 Bxc3 21.Qxc3 cxd5 22.g4 fxg4
23.Qg3 Nh6 24.cxd5 Bf5 25.Bd4 Qf7 26.Qh4 Qg6 27.Bf6 Rc8 28.Bg5 Kg7 29.Re3 Rc2
30.Rg3 Nf7 31.hxg4 Bd7 32.Be7 Qh6 33.Qxh6+ Nxh6 34.f5 Bb5 35.Rf4 Kf7 36.f6 Bd3
37.Rh3 {#r} 1-0

[Event "Ch Hamburg (juniors) (under 20)"]
[Site "Hamburg (Germany)"]
[Round "4"]
[White "Henneberg Inga (GER)"]
[Black "Felczer Kevin (GER)"]
[Result "0-1"]
[WhiteElo "2061"]
[BlackElo "2238"]

1.c4 e5 2.Nc3 Nc6 3.g3 g6 4.Bg2 Bg7 5.d3 d6 6.e4 f5 7.f4 Nf6 8.Nge2 O-O 9.O-O
fxe4 10.Nxe4 Kh8 11.Rb1 a5 12.N2c3 Bg4 13.Qe1 Qd7 14.Be3 Rae8 15.Qd2 Bh3
16.Nxf6 Bxf6 17.Nd5 Bxg2 18.Kxg2 Bg7 19.Rbe1 b6 20.fxe5 Nxe5 21.Bh6 Rf5
22.Bxg7+ Kxg7 23.Rxf5 Qxf5 24.Nxc7 Rf8 25.Nd5 Qf3+ 26.Kg1 Qxd5 27.cxd5 Nf3+
28.Kg2 Nxd2 29.Re3 Rf5 30.h4 Rxd5 31.Kf2 Rb5 32.b3 Nxb3 33.axb3 Rxb3 34.Ke2 a4
{#R} 0-1

[Event "Oberliga 1997/98"]
[Site "Hessen (Germany)"]
[Round "7"]
[White "Rasch Dieter (GER)"]
[Black "Hoffmann Norbert (GER)"]
[Result "0-1"]
[WhiteElo "2041"]
[BlackElo "2100"]

1.c4 e5 2.Nc3 Nc6 3.g3 g6 4.Bg2 Bg7 5.d3 d6 6.e4 Nge7 7.Nge2 O-O 8.O-O Nd4
9.f4 c6 10.h3 f5 11.Be3 Be6 12.Rb1 Qd7 13.Kh2 Rae8 14.b4 fxe4 15.Nxe4 Nef5
16.Bg1 exf4 17.Nxf4 Be5 18.g4 Nh4 19.Bxd4 Bxd4 20.Nxe6 Qxe6 21.Rxf8+ Rxf8
22.Qe1 Qe7 23.Kh1 Nxg2 24.Kxg2 d5 25.cxd5 cxd5 26.Nc5 Rf2+ 27.Kh1 Re2 28.Qg3
b6 29.Nb3 Bf2 30.Qg2 Qe5 31.Rf1 Bd4 32.Rf5 gxf5 {#R} 0-1

[Event "Ch Brazil"]
[Site "Itabirito (Brazil)"]
[Round "1"]
[White "Braga Cicero (BRA)"]
[Black "Prates Fabiano (BRA)"]
[Result "1-0"]
[WhiteElo "2420"]
[BlackElo "2283"]

1.c4 g6 2.Nc3 Bg7 3.g3 e5 4.Bg2 Nc6 5.d3 d6 6.e4 Nge7 7.Nge2 O-O 8.O-O f5
9.Nd5 h6 10.h3 Kh7 11.Be3 Nd4 12.f4 c6 13.Ndc3 Be6 14.Kh2 fxe4 15.Nxe4 Nxe2
16.Qxe2 Nf5 17.fxe5 Nxe3 18.Qxe3 Bxe5 19.d4 Bg7 20.Rxf8 Qxf8 21.Rf1 Qe7 22.Nc3
Re8 23.Re1 Qd7 24.d5 Bf7 25.Qf2 Be5 26.dxc6 bxc6 27.Bxc6 Qxc6 28.Qxf7+ Kh8
29.Qxg6 Rf8 30.Qxh6+ Kg8 31.Qg6+ Kh8 32.Re4 Bg7 33.Rh4+ Kg8 34.Qh7+ Kf7
35.Rf4+ Ke8 36.Qg6+ Kd8 37.Qxg7 Rxf4 38.Qg5+ {#r} 1-0

[Event "Ch World (juniors) (under 12) (g)"]
[Site "Marina d'Or (Spain)"]
[Round "5"]
[White "Koneru Humpy (IND)"]
[Black "Sebag Marie (FRA)"]
[Result "1-0"]
[WhiteElo "2140"]
[BlackElo "2512"]

1.g3 e5 2.d3 d6 3.Bg2 g6 4.c4 Bg7 5.Nc3 Nc6 6.Nf3 h6 7.Rb1 Be6 8.b4 Qd7 9.b5
Nd8 10.a4 Bh3 11.Kf1 h5 12.Nd5 Bxg2+ 13.Kxg2 c6 14.bxc6 bxc6 15.Nc3 d5 16.cxd5
cxd5 17.Qb3 Ne7 18.Ba3 Ndc6 19.e4 d4 20.Nd5 Nxd5 21.exd5 Ne7 22.Rhe1 f6 23.d6
Nc6 24.Qd5 Rc8 25.Nxd4 Nxd4 26.Rb7 Nc2 27.Reb1 {#r} 1-0

[Event "Memorial T.Petrosian (juniors)"]
[Site "Moscow (Russia)"]
[Round "8"]
[White "Isajevsky Anton (RUS)"]
[Black "Kutuzov Denis (RUS)"]
[Result "1-0"]
[WhiteElo "2426"]
[BlackElo "2334"]

1.c4 e5 2.Nc3 Nc6 3.g3 g6 4.Bg2 Bg7 5.d3 d6 6.e3 Nge7 7.Nge2 O-O 8.O-O Bd7
9.Rb1 a5 10.a3 Qc8 11.b4 axb4 12.axb4 Bh3 13.b5 Bxg2 14.Kxg2 Nd8 15.Bd2 Ne6
16.f4 exf4 17.gxf4 Nf5 18.Ng3 Nxe3+ 19.Bxe3 Bxc3 20.f5 Ra2+ 21.Kh1 Bd4 22.Bxd4
Nxd4 23.Qg4 c5 24.Qh4 Re8 25.Ne4 Rxe4 26.dxe4 Qe8 27.Rbe1 Qe5 28.Re3 Re2
29.Qd8+ Kg7 30.f6+ Kh6 31.Qf8+ Kh5 32.Rxe2 Nxe2 33.Qe7 Nf4 34.Qxe5+ dxe5
35.Rd1 Kg5 36.Rd7 Kxf6 37.Rxb7 Ke6 38.Rc7 Nd3 39.b6 Kd6 40.Rc8 {#r} 1-0

[Event "Ch Europe (juniors) (under 14) (g)"]
[Site "Mureck (Austria)"]
[Round "7"]
[White "Raeva Elitsa (BUL)"]
[Black "Kopinits Anna-Christina (AUT)"]
[Result "0-1"]
[WhiteElo "2337"]
[BlackElo "2276"]

1.c4 e5 2.Nc3 Nc6 3.d3 g6 4.g3 Bg7 5.Bg2 d6 6.e3 Be6 7.Nge2 Qd7 8.O-O Nge7
9.Nd5 Nd8 10.Re1 Nc8 11.e4 c6 12.Bh6 cxd5 13.Bxg7 Rg8 14.Bh6 g5 15.f4 f6
16.Qc1 Qe7 17.cxd5 Bd7 18.fxg5 fxg5 19.Rf1 Nf7 20.Rxf7 Kxf7 21.h4 gxh4 22.Bd2
hxg3 23.Qf1+ Ke8 24.Be1 Rf8 25.Bf3 Qf7 26.Bg2 Qg6 27.Bf3 Bg4 28.Qg2 Bxf3 {#R}
0-1

[Event "It (open) (ELO)"]
[Site "Pforzheim (Germany)"]
[Round "1"]
[White "Nadenau Oskar (GER)"]
[Black "Guenthner Oliver (GER)"]
[Result "0-1"]
[WhiteElo "1970"]
[BlackElo "2261"]

1.c4 e5 2.Nc3 Nc6 3.g3 g6 4.Bg2 Bg7 5.d3 d6 6.Nf3 h6 7.O-O Be6 8.Rb1 a5 9.a3
Nge7 10.b4 axb4 11.axb4 Qd7 12.b5 Nd8 13.e4 O-O 14.Qc2 Bh3 15.Bd2 Bxg2 16.Kxg2
Ne6 17.Ra1 c6 18.Rfb1 d5 19.bxc6 bxc6 20.Na4 Rab8 21.cxd5 cxd5 22.Nb6 Qd8
23.Nxd5 Nxd5 24.Rxb8 Qxb8 25.Rb1 Qc7 26.Qxc7 Ndxc7 27.Rb7 Ra8 28.Bc3 f6 29.Nh4
Kh7 30.f4 exf4 31.gxf4 Nxf4+ 32.Kf2 Ne8 {#R} 0-1

[Event "Tournament"]
[Site "Raahe (Finland)"]
[Round "2"]
[White "Linqvist Grels (FIN)"]
[Black "Hermlin Aarne (EST)"]
[Result "0-1"]
[WhiteElo "2003"]
[BlackElo "2285"]

1.c4 g6 2.Nc3 Bg7 3.g3 d6 4.Bg2 e5 5.d3 Nc6 6.e3 f5 7.Nge2 Nf6 8.Rb1 a5 9.a3
O-O 10.O-O g5 11.f4 exf4 12.exf4 g4 13.d4 Ne7 14.d5 Ng6 15.Be3 h5 16.Re1 h4
17.Nd4 Nh5 18.Bf2 Qf6 19.Ne6 Bxe6 20.Rxe6 Qf7 21.Qd2 Rfe8 22.Rbe1 Nf8 23.Rxe8
Rxe8 24.Rxe8 Qxe8 25.Nb5 h3 26.Bh1 Qe7 27.b4 axb4 28.axb4 Nf6 29.Nd4 Qd7
30.Qc2 Ne4 31.Bxe4 fxe4 32.Qxe4 Qa4 33.Qe1 Bxd4 34.Bxd4 Qc2 {#R} 0-1

[Event "Ch Slovakia (team) 1998/99 (1 liga) West"]
[Site "Slovakia"]
[Round "3"]
[White "Majzlan Igor (SVK)"]
[Black "Travenec Igor (SVK)"]
[Result "0-1"]
[WhiteElo "2174"]
[BlackElo "2196"]

1.c4 e5 2.Nc3 Nc6 3.g3 g6 4.Bg2 Bg7 5.d3 d6 6.Nf3 Nge7 7.O-O O-O 8.Rb1 Bf5
9.b4 Qd7 10.Nd5 Nxd5 11.cxd5 Ne7 12.e4 Bg4 13.Qb3 c6 14.dxc6 Nxc6 15.b5 Ne7
16.Be3 Be6 17.Qb2 Rfc8 18.d4 Bc4 19.Rfd1 exd4 20.Bxd4 Bh6 21.Bf6 Rc5 22.Ne5
Qe6 23.Nxc4 Rxc4 24.e5 d5 25.Bxe7 Qxe7 26.Bxd5 Rc5 27.Qd4 Rac8 28.Rb3 Bg7
29.f4 Bf8 30.Rd2 Qd7 31.Qe4 Qh3 32.Rbd3 Rc1+ 33.Rd1 R8c2 34.Bxf7+ Kg7 {#R} 0-1

[Event "It (open)"]
[Site "Vienna (Austria)"]
[Round "0"]
[White "Stanec Nikolaus (AUT)"]
[Black "Pirrot Dieter (GER)"]
[Result "1-0"]
[WhiteElo "2495"]
[BlackElo "2410"]

1.c4 g6 2.Nc3 Bg7 3.g3 d6 4.Bg2 e5 5.d3 Nc6 6.Nf3 f5 7.O-O h6 8.e4 g5 9.exf5
Bxf5 10.Nh4 Be6 11.Ng6 Rh7 12.f4 exf4 13.gxf4 Qd7 14.fxg5 O-O-O 15.Nd5 hxg5
16.Bxg5 Bd4+ 17.Kh1 Qg7 18.Ndf4 Re8 19.Nxe6 Rxe6 20.Rf8+ {#r} 1-0

[Event "It (open)"]
[Site "Villa Ballester (Argentina)"]
[Round "3"]
[White "Anelli Antonio (ARG)"]
[Black "Benko Francisco (ARG)"]
[Result "1-0"]
[WhiteElo "2320"]
[BlackElo "2160"]

1.c4 e5 2.Nc3 Nc6 3.g3 g6 4.Bg2 Bg7 5.d3 d6 6.Rb1 Nge7 7.b4 O-O 8.b5 Nd4 9.e3
Ne6 10.Nge2 Nf5 11.O-O h5 12.Nd5 Nh6 13.Nb4 h4 14.Nc3 Ng5 15.Bd2 Nh3+ 16.Kh1
Bg4 17.Bf3 f5 18.Bxg4 fxg4 19.f4 hxg3 20.hxg3 Qd7 21.Ne4 c6 22.bxc6 bxc6
23.Qa4 Rac8 24.Kg2 exf4 25.exf4 Bd4 26.Rfe1 Nf5 27.Nc2 Qg7 28.Qb3 Rf7 29.Ne3
Bxe3 30.Bxe3 c5 31.Qb2 Qf8 32.Qe2 Nh6 33.Bd2 Rc6 34.Nc3 Rc8 35.Nd5 Rd8 36.Bc3
Kh7 37.Qe6 Nf5 38.Nf6+ {#r} 1-0

[Event "Ch Yugoslavia (team) (1 liga)"]
[Site "Vrnjacka Banja (Serbia)"]
[Round "4"]
[White "Knezevic Bojan (SRB)"]
[Black "Predojevic Borki (BIH)"]
[Result "1-0"]
[WhiteElo "2460"]
[BlackElo "2643"]

1.c4 g6 2.Nc3 Bg7 3.g3 d6 4.Bg2 Nc6 5.d3 e5 6.e4 Nge7 7.Nge2 O-O 8.O-O a5
9.Be3 Be6 10.Qd2 f5 11.b3 Qc8 12.Bh6 fxe4 13.dxe4 Nd8 14.Nd5 Bxd5 15.cxd5 Bxh6
16.Qxh6 Nf7 17.Qh4 Qd8 18.f4 c5 19.fxe5 Nxe5 20.Nf4 g5 21.Qxg5+ N7g6 22.Qh5
Qb6 23.Ne6 Rf7 24.Rxf7 Nxf7 25.Rf1 c4+ 26.Kh1 Nge5 27.Rxf7 Nxf7 28.Qg4+ {#r}
1-0

[Event "Ch Ecuador (juniors) (under 15)"]
[Site "Macas (Ecuador)"]
[Date "1998.09.11"]
[Round "5"]
[White "Caro Bermudez Eric (ECU)"]
[Black "Aucay Pelaez Cesar (ECU)"]
[Result "0-1"]
[WhiteElo "2201"]
[BlackElo "2048"]

1.c4 e5 2.Nc3 Nc6 3.g3 g6 4.Bg2 Bg7 5.d3 d6 6.Nf3 Nge7 7.O-O O-O 8.Bd2 h6 9.h4
Be6 10.a3 a5 11.Rb1 Qd7 12.Kh2 Kh7 13.b4 axb4 14.axb4 Rae8 15.Ne1 f5 16.b5 Nd8
17.e4 f4 18.Nf3 Bg4 19.Qc1 Ne6 20.Ne2 g5 21.Neg1 Bf6 22.gxf4 gxf4 23.Bh3 Nc5
24.Qc2 Rg8 25.Bb4 Bxh3 26.Nxh3 Qg4 27.Ne1 Qxh4 28.Bxc5 dxc5 29.Qe2 Nc8 30.Qf3
Be7 31.Ng2 Qf6 32.Rg1 Nd6 33.Qh5 Nf7 34.Qf3 Ng5 35.Nxg5+ Rxg5 36.Nh4 Rxg1 {#R}
0-1

[Event "Tournament \"]
[Site "Ibarra (Ecuador)"]
[Date "1998.09.18"]
[Round "3"]
[White "Tenesaca Argudo Juan (ECU)"]
[Black "Aucay Pelaez Cesar (ECU)"]
[Result "1-0"]
[WhiteElo "2047"]
[BlackElo "2048"]

1.c4 e5 2.Nc3 Nc6 3.d3 d6 4.g3 g6 5.Bg2 Bg7 6.Bd2 Be6 7.Qa4 Ne7 8.b4 a6 9.Rc1
O-O 10.h4 Qd7 11.h5 f5 12.Nf3 f4 13.hxg6 Nxg6 14.Ng5 fxg3 15.Nxe6 gxf2+ 16.Kf1
Qxe6 17.Bd5 Qxd5 18.cxd5 b5 19.Qd1 {#r} 1-0

[Event "It (open)"]
[Site "Bad Wiessee (Germany)"]
[Round "3"]
[White "Miezis Normunds (LAT)"]
[Black "Botschek Martin (GER)"]
[Result "1-0"]
[WhiteElo "2524"]
[BlackElo "2261"]

1.c4 g6 2.Nc3 Bg7 3.g3 d6 4.Bg2 e5 5.d3 Nc6 6.e4 Be6 7.Nf3 h6 8.Be3 Nge7 9.Nd5
Qd7 10.h3 f5 11.Qb3 Rb8 12.Nh4 Bf7 13.Nxe7 Kxe7 14.exf5 gxf5 15.g4 fxg4 16.Be4
gxh3 17.Nf5+ Kf8 18.Rxh3 Nd4 19.Bxd4 exd4 20.O-O-O Be5 21.Kb1 h5 22.Rf3 c6
23.Rg1 Ke8 24.Ng7+ Kd8 25.Bxc6 Bxc4 26.Qxc4 Qxc6 27.Qf7 {#r} 1-0

[Event "It"]
[Site "Bischwiller (France)"]
[Round "7"]
[White "Anic Darko (FRA)"]
[Black "Horvath Csaba (HUN)"]
[Result "0-1"]
[WhiteElo "2467"]
[BlackElo "2509"]

1.c4 g6 2.g3 Bg7 3.Bg2 e5 4.Nc3 d6 5.d3 Nc6 6.Nf3 f5 7.O-O h6 8.e4 Nge7 9.Nh4
f4 10.gxf4 exf4 11.Bxf4 g5 12.Nf5 Bxf5 13.exf5 gxf4 14.Qh5+ Kf8 15.Rae1 Qe8
16.Qh4 Qf7 17.Qxf4 Qxf5 18.Qg3 Rg8 19.Bh3 Bxc3 20.Bxf5 Rxg3+ 21.fxg3 Bxe1 {#R}
0-1

[Event "It (open)"]
[Site "Brasilia (Brazil)"]
[Round "6"]
[White "Lucena Lincoln (BRA)"]
[Black "Tsuboi Edson Kenji (BRA)"]
[Result "1-0"]
[WhiteElo "2249"]
[BlackElo "2322"]

1.c4 e5 2.Nc3 Nc6 3.g3 g6 4.Bg2 Bg7 5.d3 d6 6.e3 f5 7.Nge2 Nf6 8.Rb1 a5 9.a3
Be6 10.Nd5 Qc8 11.d4 Bxd5 12.cxd5 Ne7 13.dxe5 dxe5 14.d6 cxd6 15.Qxd6 Qc2
16.Nc3 Rd8 17.Qe6 Ne4 18.Bxe4 fxe4 19.O-O Rf8 20.Qg4 Rc8 21.Ra1 h5 22.Qd1 Qd3
23.Qa4+ Kf7 24.Qb3+ Qc4 25.Qxb7 Rfd8 26.Qxe4 Qb3 27.a4 Rc4 28.Ra3 Qb4 29.Qf3+
Kg8 30.Rd1 Rf8 31.Qe2 Rfc8 32.e4 Nc6 33.Be3 Nd4 34.Bxd4 exd4 35.Nd5 Rc2
36.Qxc2 {#r} 1-0

[Event "It (open)"]
[Site "Bretagne (France)"]
[Round "1"]
[White "Bleuzen Christian"]
[Black "Bodenez Vincent (FRA)"]
[Result "0-1"]
[WhiteElo "1700"]
[BlackElo "2203"]

1.c4 e5 2.Nc3 Nc6 3.g3 g6 4.Bg2 Bg7 5.d3 d6 6.a3 a5 7.Nf3 f5 8.Rb1 Nf6 9.Bd2
O-O 10.O-O Be6 11.Ng5 Bd7 12.Nd5 h6 13.Nxf6+ Qxf6 14.Nf3 g5 15.Qc2 f4 16.e3 g4
17.Nh4 f3 18.Bh1 Qf7 19.Bc3 Bf6 20.Nxf3 gxf3 21.Bxf3 Bg7 22.Bg2 Qg6 23.Qd2 Bf5
24.Rbd1 Kh8 25.b3 Qh5 26.Rfe1 Bg4 27.Rc1 Bf3 28.Bf1 b6 29.d4 e4 30.d5 Bxc3
31.Qxc3+ Ne5 32.Qd4 Kh7 33.h4 Rg8 34.Rc2 Qxh4 35.Bg2 Qh5 36.a4 Bxg2 37.Kxg2
Qf3+ 38.Kh3 Rg5 {#R} 0-1

[Event "It (open)"]
[Site "Dubai (United Arab Emirates)"]
[Round "6"]
[White "Miezis Normunds (LAT)"]
[Black "Jasim A R Saleh (UAE)"]
[Result "1-0"]
[WhiteElo "2524"]
[BlackElo "2208"]

1.c4 g6 2.Nc3 Bg7 3.g3 e5 4.Bg2 d6 5.d3 Nc6 6.e4 Nge7 7.Nge2 O-O 8.O-O Be6
9.Nd5 Nd4 10.Nxd4 exd4 11.Nf4 Bd7 12.b4 c5 13.bxc5 dxc5 14.a4 a5 15.Re1 Nc6
16.Nd5 Nb4 17.Bf4 Ra6 18.Bc7 Qe8 19.e5 Nxd5 20.cxd5 Qc8 21.Bd6 Re8 22.Rc1 Rxd6
23.exd6 Be5 24.Qb3 Bxd6 25.Rxe8+ Qxe8 26.Qxb7 Bxa4 27.Qb6 Qd7 28.Qxa5 Bb3
29.Qb6 Ba4 30.Ra1 Bc2 31.Bf1 {#r} 1-0

[Event "Hessenliga 1998/99"]
[Site "Germany"]
[Round "0"]
[White "Rudolph Peter (GER)"]
[Black "Weise Martin (GER)"]
[Result "0-1"]
[WhiteElo "2201"]
[BlackElo "2179"]

1.c4 e5 2.Nc3 Nc6 3.g3 g6 4.Bg2 Bg7 5.d3 d6 6.e4 Nh6 7.Nge2 O-O 8.O-O f5 9.f4
Be6 10.Nd5 Qd7 11.Be3 Rf7 12.Qd2 Ng4 13.Rae1 Raf8 14.Kh1 Nxe3 15.Nxe3 fxe4
16.Bxe4 Ne7 17.Bg2 Bh3 18.d4 Bxg2+ 19.Kxg2 Nf5 20.d5 Bh6 21.Nd1 exf4 22.Nxf4
Nh4+ 23.Kh1 Bxf4 24.Rxf4 Rxf4 25.gxf4 Nf3 {#R} 0-1

[Event "Oberliga North 1998/99"]
[Site "Germany"]
[Round "0"]
[White "Nonnenmacher Thomas (GER)"]
[Black "Reinecker Kai (GER)"]
[Result "1-0"]
[WhiteElo "2135"]
[BlackElo "2157"]

1.c4 e5 2.Nc3 g6 3.g3 Bg7 4.Bg2 d6 5.d3 Nc6 6.Nf3 Nge7 7.O-O O-O 8.Rb1 a5 9.a3
Bd7 10.b4 axb4 11.axb4 Qc8 12.Re1 Bh3 13.Bh1 h6 14.b5 Nd8 15.Bd2 f5 16.Nd5 Qd7
17.Qc1 Kh7 18.b6 c6 19.Nc7 Rb8 20.c5 d5 21.d4 f4 22.dxe5 fxg3 23.hxg3 Ne6
24.Rb4 g5 25.Nxe6 Bxe6 26.Bxg5 hxg5 27.Qxg5 Nf5 28.Qh5+ Kg8 29.Ng5 Nh6 30.e4
Bf7 31.Nxf7 Rxf7 32.exd5 Rf5 33.Qg6 cxd5 34.Rd4 Qe7 35.Bxd5+ Kh8 36.Rh4 Qg5
37.Qxg5 Rxg5 38.Kg2 Rf8 39.f4 Rgf5 40.Bxb7 Kh7 {#r} 1-0

[Event "It (open)"]
[Site "Hassloch (Germany)"]
[Round "1"]
[White "Stock Andreas (GER)"]
[Black "Smeyts Peter"]
[Result "1-0"]
[WhiteElo "2154"]
[BlackElo "1929"]

1.c4 e5 2.Nc3 Nc6 3.g3 g6 4.Bg2 Bg7 5.d3 d6 6.e4 Nge7 7.Nge2 Bd7 8.O-O O-O
9.Be3 Qc8 10.Qd2 Bh3 11.Bh6 Bxg2 12.Kxg2 f5 13.Bxg7 Kxg7 14.f4 fxe4 15.Nxe4 d5
16.cxd5 Nxd5 17.fxe5 Nxe5 18.Rxf8 Qxf8 19.Nf4 Qf7 20.Rf1 Rf8 21.Nh5+ {#r} 1-0

[Event "Ch Hungary (team) 1998/99 (3 liga)"]
[Site "Hungary"]
[Round "1"]
[White "Gosztolya Ferenc (HUN)"]
[Black "Kakuk Sandor (HUN)"]
[Result "1-0"]
[WhiteElo "2192"]
[BlackElo "2219"]

1.c4 Nc6 2.g3 e5 3.Nc3 g6 4.Bg2 d6 5.d3 Bg7 6.Nf3 Bg4 7.Rb1 Qd7 8.h3 Bxf3
9.Bxf3 Nge7 10.b4 O-O 11.b5 Nd8 12.Nd5 c5 13.bxc6 Nexc6 14.Bg2 Ne6 15.O-O Rad8
16.Nb4 Nxb4 17.Rxb4 b6 18.e3 Nc7 19.Qf3 d5 20.Ba3 Rfe8 21.Rc1 e4 22.Qe2 exd3
23.Qxd3 d4 24.e4 Ne6 25.Rb5 Bf8 26.Rd5 Qa4 27.Bxf8 Rxf8 28.Qd2 Rd7 29.h4 Rfd8
30.Bh3 Rd6 31.h5 Qe8 32.h6 f6 33.Bxe6+ Qxe6 34.Qxd4 Kf7 35.Rd1 Rxd5 36.cxd5
Qh3 37.Rc1 Rd7 38.Rc6 {#r} 1-0

[Event "Ch Hungary (team) 1998/99 (3 liga)"]
[Site "Hungary"]
[Round "0"]
[White "Vincze Robert (HUN)"]
[Black "Papp Nandor (HUN)"]
[Result "0-1"]
[WhiteElo "2132"]
[BlackElo "2163"]

1.c4 e5 2.Nc3 Nc6 3.g3 g6 4.Bg2 Bg7 5.d3 d6 6.Nf3 Nge7 7.Nd2 O-O 8.O-O f5
9.Nb3 h6 10.f4 Be6 11.Re1 exf4 12.gxf4 Qd7 13.Kh1 Rae8 14.Bd2 b6 15.Rc1 Nd8
16.Rg1 c5 17.Bf3 Kh7 18.Qf1 Rg8 19.Qg2 Bf6 20.Na1 Nf7 21.Rb1 g5 22.Qf2 d5
23.cxd5 Nxd5 24.Nxd5 Bxd5 25.Bc3 Bxc3 26.bxc3 Bxa2 27.Rb2 Bd5 28.c4 Bxf3+
29.Qxf3 gxf4 30.Rxg8 Rxg8 31.Qxf4 Rg4 32.Qf3 Ng5 33.Qd5 Qxd5+ 34.cxd5 Nh3 {#R}
0-1

[Event "Ch Romania"]
[Site "Iasi (Romania)"]
[Round "14"]
[White "Marin Mihail (ROM)"]
[Black "Mateuta Gabriel (ROM)"]
[Result "1-0"]
[WhiteElo "2548"]
[BlackElo "2398"]

1.c4 d6 2.Nc3 e5 3.g3 Nc6 4.Bg2 g6 5.d3 Bg7 6.Rb1 a5 7.e3 h5 8.h4 Bg4 9.Nge2
Qd7 10.a3 Nge7 11.b4 axb4 12.axb4 O-O 13.b5 Na5 14.Bd2 c6 15.O-O d5 16.cxd5
Nxd5 17.Nxd5 cxd5 18.Qe1 b6 19.Nc3 Be6 20.Na4 Nc4 21.Bb4 Rxa4 22.Bxf8 Bxf8
23.Qd1 Nxe3 24.Qxa4 Nxg2 25.Kxg2 Bh3+ 26.Kh2 Bxf1 27.Rxf1 Qf5 28.Qb3 Qf3
29.Qd1 Qf5 30.Kg2 Bc5 31.Qf3 Qe6 32.Ra1 Kg7 33.Ra7 Bd4 34.Rc7 e4 35.Qe2 Qf5
36.dxe4 dxe4 37.Re7 e3 38.fxe3 Bc5 39.Qb2+ Kf8 40.Qe5 {#r} 1-0

[Event "Ch Pan-American (juniors) (under 18)"]
[Site "Matinhos (Brazil)"]
[Round "3"]
[White "Munoz Pantoja Miguel (PER)"]
[Black "Benares Ricardo (BRA)"]
[Result "1-0"]
[WhiteElo "2307"]
[BlackElo "2260"]

1.c4 e5 2.Nc3 Nc6 3.g3 g6 4.Bg2 Bg7 5.d3 d6 6.f4 f5 7.Nf3 Nf6 8.O-O O-O 9.Kh1
h6 10.Be3 Kh7 11.Qd2 Be6 12.b4 exf4 13.gxf4 Nxb4 14.Rab1 Nc6 15.Rxb7 d5 16.Ne5
Na5 17.Rb5 d4 18.Rxa5 dxe3 19.Qxe3 Re8 20.Bxa8 Qxa8+ 21.Qf3 Qd8 22.Rxa7 Ng4
23.Qg3 Qb8 24.Nb5 Rc8 25.Nc6 Qb6 26.Ne7 Rd8 27.Rxc7 Bd7 28.Nd5 Qa5 29.h3 Bxb5
30.hxg4 Bd7 31.gxf5 Bxf5 32.e4 Rf8 33.exf5 Rxf5 34.Re7 {#r} 1-0

[Event "It (open)"]
[Site "Montreal (Canada)"]
[Round "2"]
[White "Miezis Normunds (LAT)"]
[Black "Moss Laurent (CAN)"]
[Result "1-0"]
[WhiteElo "2524"]
[BlackElo "2210"]

1.c4 e5 2.Nc3 Nc6 3.g3 g6 4.Bg2 Bg7 5.d3 d6 6.Nd5 Nge7 7.h4 Nxd5 8.cxd5 Ne7
9.h5 c6 10.Qa4 Bd7 11.hxg6 fxg6 12.dxc6 Bxc6 13.Bxc6+ Nxc6 14.Bd2 O-O 15.Nf3
Rc8 16.Qg4 Qf6 17.Qh3 Nd4 18.Nxd4 Qxf2+ 19.Kd1 Qxd4 20.Qxh7+ Kf7 21.Bh6 e4
22.Bxg7 Qxg7 23.Rf1+ Ke6 24.Qxg7 Rxf1+ 25.Kd2 Rxa1 26.Qxb7 Rac1 27.Qxe4+ Kf7
28.d4 R1c7 29.g4 Re8 30.Qf4+ Ke6 31.g5 Rf7 32.Qe4+ Kd7 33.Qb7+ Ke6 34.d5+ {#r}
1-0

[Event "Ch State New York"]
[Site "New York (USA)"]
[Round "4"]
[White "Spraggett Grant (CAN)"]
[Black "Lawson Brian (USA)"]
[Result "1-0"]
[WhiteElo "2334"]
[BlackElo "2073"]

1.c4 g6 2.g3 Bg7 3.Bg2 e5 4.Nc3 d6 5.d3 Nc6 6.Rb1 Nge7 7.e3 a5 8.Nge2 O-O
9.O-O Be6 10.Nd5 Nb4 11.Nxe7+ Qxe7 12.a3 Nc6 13.Nc3 Nd8 14.Nd5 Bxd5 15.Bxd5 c6
16.Bg2 Ne6 17.b4 axb4 18.Rxb4 Nc5 19.d4 exd4 20.exd4 Ne6 21.Re1 Qc7 22.d5 c5
23.Rxb7 Qxb7 24.dxe6 Qa7 25.exf7+ Rxf7 26.Bxa8 Qxa8 27.Qxd6 Bd4 28.Be3 Bc3
29.Rb1 Qxa3 30.Bh6 Rxf2 31.Rb8+ {#r} 1-0

[Event "Ch World (juniors) (under 18) (g)"]
[Site "Oropesa (Spain)"]
[Round "8"]
[White "Reizniece Dana (LAT)"]
[Black "Jurkiewicz Katarzyna (POL)"]
[Result "1-0"]
[WhiteElo "2294"]
[BlackElo "2225"]

1.c4 g6 2.g3 Bg7 3.Bg2 e5 4.Nc3 Nc6 5.d3 d6 6.Rb1 a5 7.a3 f5 8.Bd2 Nf6 9.b4
axb4 10.axb4 O-O 11.e3 Ne7 12.Nd5 c6 13.Nxf6+ Bxf6 14.b5 d5 15.bxc6 bxc6
16.cxd5 cxd5 17.Ne2 Ba6 18.Bb4 Qd7 19.Nc3 d4 20.Bxa8 Rxa8 21.Bxe7 Bxe7 22.Rb3
Kg7 23.Nd5 Bxd3 24.Qxd3 Qxd5 25.O-O Ra3 26.Qb5 {#r} 1-0

[Event "Ch Europe (juniors) (under 20)"]
[Site "Patras (Greece)"]
[Round "2"]
[White "Mastrovasilis Athanasios (GRE)"]
[Black "Fontaine Robert (FRA)"]
[Result "0-1"]
[WhiteElo "2345"]
[BlackElo "2408"]

1.c4 e5 2.Nc3 Nc6 3.g3 g6 4.Bg2 Bg7 5.d3 d6 6.Nf3 f5 7.Rb1 Nf6 8.O-O O-O 9.b4
h6 10.b5 Ne7 11.c5 Be6 12.Ba3 Ne8 13.cxd6 Nxd6 14.Bb4 a5 15.bxa6 Rxa6 16.Qc1
Qd7 17.Nd2 b6 18.Bxd6 cxd6 19.Nc4 d5 20.Nxb6 Qd6 21.Nb5 Qxb6 22.Nc7 Qd6
23.Nxa6 Rc8 24.Qe3 Qxa6 25.Rb6 Qxa2 26.d4 f4 27.gxf4 Nf5 28.Qh3 Nxd4 29.Rxe6
Nxe2+ 30.Kh1 Nxf4 31.Rd6 Nxh3 32.Bxd5+ Qxd5+ 33.Rxd5 Rf8 34.f3 e4 35.Rd7 exf3
36.Rd3 Ng5 37.h4 Ne4 38.Kh2 f2 39.Kg2 Bc3 40.Re3 {#R} 0-1

[Event "Ch Poland (team) (2nd liga)"]
[Site "Polanica Zdroj (Poland)"]
[Round "4"]
[White "Jasik Anna (POL)"]
[Black "Nowak Dominika (POL)"]
[Result "0-1"]
[WhiteElo "1948"]
[BlackElo "2180"]

1.c4 e5 2.g3 Nc6 3.Bg2 g6 4.Nc3 Bg7 5.d3 d6 6.Nf3 Nge7 7.O-O f5 8.Bd2 h6 9.Rb1
g5 10.Ne1 O-O 11.b4 Ng6 12.Nd5 Nd4 13.b5 Ne6 14.a4 g4 15.Nb4 f4 16.Bd5 Kh8
17.a5 Ne7 18.Bg2 Ng5 19.f3 Nh3+ 20.Bxh3 gxh3 {#R} 0-1